00767pam a2200253 a 45000010008000000030004000080050017000120080041000290100017000700200025000870400018001120420009001300500022001391000017001612450035001782500012002132600040002253000024002655210007002895260007002966510020003038560086003238560104004092994683OSt20140310184256.0930122s1994 caua j 000 1 eng  a 93000237  a0152004432 :c$13.95 aDLCcDLCdDLC alcac00aPZ 7b.As778 19971 aAsch, Frank.14aThe Earth and I /cFrank Asch. a1st ed. aSan Diego :bGulliver Books,c1997. bcol. ill. ;c26 cm. aG1 cBR 1aEarthxFiction.423Publisher descriptionuhttp://www.loc.gov/catdir/description/har041/93000237.html423Contributor biographical informationuhttp://www.loc.gov/catdir/enhancements/fy1003/93000237-b.html